00834nam a2200241 a 450000100060000000300080000600500170001400800410003102000320007203500190010404000270012304100080015008200260015810000240018424501050020826000610031330000320037450400370040665000470044370000240049070000170051483000610053169642BD-RjUL20211209081918.0170412s1987 enka b 001 0 eng d a0471907634 :c$40.00 (U.S.) a(BD-RjUL)69854 aDLCcDLCdBD-RjULbeng aeng00a519.532223bTIS 19871 aTitterington, D. M.10aStatistical analysis of finite mixture distributions /cD.M. Titterington, A.F.M. Smith, U.E. Makov. aChichester ;aNew York :bWiley,cc1985[reprinted 1987]. ax, 243 p. :bill. ;c24 cm. aIncludes bibliography and index. 0aMixture distributions (Probability theory)1 aSmith, Adrian F. M.1 aMakov, U. E. aWiley series in probability and mathematical statistics.